|
|
|
|
| LEADER |
00953nam a2200265 a 4500 |
| 001 |
GR-Patra2314 |
| 008 |
991022s enk 000 b eng d |
| 020 |
|
|
|a 0273600672
|
| 040 |
|
|
|a GrPaTEI
|b gre
|c GR-PaULI
|
| 245 |
0 |
0 |
|a Mastering spreadsheet budgets and forecasts :
|b a practical guide.
|
| 260 |
|
|
|a London :
|b Pitman,
|c c1993
|
| 300 |
|
|
|a viii, 215σ. :
|b πίν.
|
| 650 |
|
0 |
|a BUDGETING
|
| 650 |
|
0 |
|a FORECASTING
|
| 650 |
|
0 |
|a SPREADSHEETS
|
| 650 |
|
0 |
|a VAT
|
| 650 |
|
4 |
|a ΟΙΚΟΝΟΜΙΚΗ ΠΡΟΒΛΕΨΗ
|
| 650 |
|
4 |
|a ΠΡΟΥΠΟΛΟΓΙΣΜΟΣ
|
| 653 |
|
|
|a ΠΡΟΥΠΟΛΟΓΙΣΜΟΣ - ΠΡΟΒΛΕΨΗ
|
| 700 |
1 |
|
|a Secrett, Malcolm
|
| 710 |
0 |
|
|a Pitman
|
| 942 |
|
|
|2 ddc
|
| 952 |
|
|
|0 0
|1 0
|2 ddc
|4 0
|6 658_154000000000000_SEC
|7 0
|9 284121
|a LISK
|b LISK
|c BSC
|d 2021-01-17
|e 24
|f 0
|g 0.00
|l 0
|o 658.154 SEC
|p 9241006519
|r 2021-01-17 00:00:00
|t 1
|w 2021-01-17
|y BK15
|x 19991024 0 1
|x GrPaTEI
|
| 971 |
|
|
|a .b26498157
|b 15-04-20
|c 23-09-16
|
| 999 |
|
|
|c 165330
|d 165330
|